000 01327cab a2200325 4500
001 ABS54250
008 090401t1996 xxu||||| |||| 00| 0 eng d
035 _a(Sirsi) u9288
041 _aeng
100 _aLupton, S.
245 _aPerformance specification: the legal implications
260 _c1996
350 _a0
490 _aInternational Construction Law Review
_v13(1) January 1996, 28-54(28)
520 _aExamines the growth in the use of performance specifications, assesses the basic level of performance expected where performance requirements are not expressed, looks at the legal understanding of the concept of performance specifications including their effect on the distribution of design liability and at how courts handle specifications which contain mixed performance and prescriptive requirements.
650 _aDEFECTIVE PREMISES ACT 1972
650 _aDESIGN LIABILITY
650 _aDURABILITY
650 _aDUTY TO WARN
650 _aFIT FOR HABITATION
650 _aFITNESS FOR PURPOSE
650 _aPERFORMANCE SPECIFICATION
650 _aPRESCRIPTION SPECIFICATIONS
650 _aSALE AND SUPPLY OF GOODS ACT 1994
650 _aSALE OF GOODS ACT 1979
650 _aSUPPLY OF GOODS AND SERVICES ACT 1982
690 _aBUILT ENVIRONMENT
942 _n0
948 _c04/03/1997
999 _c5777
_d5777